Las máscaras del dinero (Record no. 93515)

MARC details
000 -LEADER
campo de control de longitud fija 00955nam a2200253 i 4500
001 - NÚMERO DE CONTROL
campo de control 93515
003 - IDENTIFICADOR DE NÚMERO DE CONTROL
campo de control ES-MaACL
005 - FECHA Y HORA DE LA ÚLTIMA TRANSACCIÓN
campo de control 20230906181241.0
007 - CAMPO FIJO DE DESCRIPCIÓN FÍSICA--INFORMACIÓN GENERAL
campo de control de longitud fija t|
008 - DATOS DE LONGITUD FIJA--INFORMACIÓN GENERAL
campo de control de longitud fija 050602s2004 sp ||||1| spa d
020 ## - NÚMERO INTERNACIONAL ESTÁNDAR DEL LIBRO
Número Internacional Estándar del Libro 84-7658-677-9
080 ## - NÚMERO DE LA CLASIFICACIÓN DECIMAL UNIVERSAL
Número de la Clasificación Decimal Universal 316.334.2:336.74
100 1# - ENTRADA PRINCIPAL--NOMBRE DE PERSONA
Nombre de persona Sánchez Capdequí, Celso.
9 (RLIN) 102522
245 14 - MENCIÓN DEL TÍTULO
Título Las máscaras del dinero
Resto del título : el simbolismo social de la riqueza /
Mención de responsabilidad, etc. Celso Sánchez Capdequí.
250 ## - MENCION DE EDICION
Mención de edición 1ª ed.
260 ## - PUBLICACIÓN, DISTRIBUCIÓN, ETC.
Lugar de publicación, distribución, etc. Rubí (Barcelona) :
Nombre del editor, distribuidor, etc. Anthropos ;
Lugar de publicación, distribución, etc. Iztapalapa (México) :
Nombre del editor, distribuidor, etc. División de Ciencias Sociales y Humanidades, Universidad Autónoma Metropolitana,
Fecha de publicación, distribución, etc. 2004.
300 ## - DESCRIPCIÓN FÍSICA
Extensión 383 p. ;
Dimensiones 20 cm.
490 1# - MENCIÓN DE SERIE
Mención de serie Autores, textos y temas. Ciencias sociales ;
Designación de volumen o secuencia 38
650 14 - PUNTO DE ACCESO ADICIONAL DE MATERIA--TÉRMINO DE MATERIA
Término de materia o nombre geográfico como elemento de entrada Moneda-
Subdivisión general Aspectos sociales.
9 (RLIN) 15155
650 14 - PUNTO DE ACCESO ADICIONAL DE MATERIA--TÉRMINO DE MATERIA
Término de materia o nombre geográfico como elemento de entrada Moneda-
Subdivisión general Aspectos simbólicos.
9 (RLIN) 15154
830 0# - PUNTO DE ACCESO ADICIONAL DE SERIE-TÍTULO UNIFORME
Título uniforme Autores, textos y temas. Ciencias sociales ;
Designación de volumen o secuencia 38
9 (RLIN) 178372
852 ## - LOCALIZACIÓN
Ubicación ES-MaACL
Número de control de estantería L-29154
Sublocalización o colección R.135561
Holdings
Estatus retirado Estado de pérdida Estado de daño No para préstamo Biblioteca de origen Biblioteca actual Ubicación en estantería Fecha de adquisición Fuente de adquisición Total de préstamos Signatura topográfica completa Código de barras Visto por última vez Precio de reemplazo Tipo de ítem Koha
        Biblioteca del Ateneo de Madrid Biblioteca del Ateneo de Madrid Depósito 2 17/01/2008     L-29154 1097657 23/02/2023 23/02/2023 Libro impreso